UM Logo

Food intolerance or food allergy? : (Record no. 23233)

MARC details
000 -LEADER
fixed length control field 00891nam a22002057a 4500
005 - DATE AND TIME OF LATEST TRANSACTION
control field 20250916113652.0
008 - FIXED-LENGTH DATA ELEMENTS--GENERAL INFORMATION
fixed length control field 241125b |||||||| |||| 00| 0 eng d
082 ## - DEWEY DECIMAL CLASSIFICATION NUMBER
Classification number DPer 647.95 J826 January-December 2021 v. 24 n. 1-6
100 ## - MAIN ENTRY--PERSONAL NAME
Personal name Lee, Soojin.
Relator term author.
9 (RLIN) 64300
245 ## - TITLE STATEMENT
Title Food intolerance or food allergy? :
Remainder of title exploring food safety practices among campus foodservice employees /
Statement of responsibility, etc. Soojin Lee and Pei Liu.
260 ## - PUBLICATION, DISTRIBUTION, ETC. (IMPRINT)
Place of publication, distribution, etc. USA ;
Name of publisher, distributor, etc. Taylor and Francis Group, LLC ,
Date of publication, distribution, etc. November-December 2021.
300 ## - PHYSICAL DESCRIPTION
Extent Volume 24, pages 666-683 :
Other physical details illustration ;
Dimensions 26 cm.
500 ## - GENERAL NOTE
General note Journal of Foodservice Business Research, vol. 24, no. 6, pages 666-683, November-December 2021.
650 #0 - SUBJECT ADDED ENTRY--TOPICAL TERM
Topical term or geographic name as entry element Food intolerance.
9 (RLIN) 67567
650 #0 - SUBJECT ADDED ENTRY--TOPICAL TERM
Topical term or geographic name as entry element Food allergy.
9 (RLIN) 67568
650 #0 - SUBJECT ADDED ENTRY--TOPICAL TERM
Topical term or geographic name as entry element College students.
9 (RLIN) 47911
700 ## - ADDED ENTRY--PERSONAL NAME
Personal name Lee, Soojin.
Relator term author.
9 (RLIN) 64300
700 ## - ADDED ENTRY--PERSONAL NAME
Personal name Liu, Pei.
Relator term author.
9 (RLIN) 64302
942 ## - ADDED ENTRY ELEMENTS (KOHA)
Source of classification or shelving scheme Dewey Decimal Classification
Koha item type Periodicals
Holdings
Withdrawn status Lost status Source of classification or shelving scheme Damaged status Not for loan Collection code Home library Current library Date acquired Total Checkouts Full call number Date last seen Price effective from Koha item type Public note
    Dewey Decimal Classification     Periodicals UM Digos College - LIC UM Digos College - LIC 11/25/2024   DPer 647.95 J826 January-December 2021 v. 24 n. 1-6 11/25/2024 11/25/2024 Periodicals Periodical Article